00769nam a22001575i 4500001000700000003000900007005001700016008004100033040002000074100003100094245007500125260009600200300002000296500009200316852020300408162146ES-MaACL20250930063142.0020429s1876 sp |||| | spa d aCAM bspa cCAM0 aPina, Mariano, d1820-188310aCon el credo en la boca b: comedia en dos actos / cpor Mariano Pina. aMadrid : b[Administración Lírico-dramática], c1876 (fImprenta de José Rodriguez) a55 p. ; c2 cm. 1aEn port.: Representada por primera vez en el teatro Español, el 4 de febrero de 1876. aES-MaACLjD-2492(8) z-- Enc. hol. conservando la cub. original z-- Ded. ms. del autor: "Al excelente actor Julian Romea, afectuoso recuerdo de su amigo. Mariano Pina" z-- Enc. en un vol. facticio